00778nam a2200217 a 450000100100000000500170001000800410002704000250006808200170009310000260011024500950013624601280023126000370035930000280039650400320042465000210045665000200047765000180049765000170051565000280053200000723220200929154114.0090907s1995 dr a 000 0 spa d aDO-SdBNPbspacBNPHU a133.8bG216y1 aGarcía Bido, Rafael10aYanuna Yahíla Taiba :bla gran madre te devolverá lo traído /cRafael García Bido.10aYanuna Yahíla Taiba:buna aventura del espíritu. Una enseñanza cósmica. Una experiencia de armonía con la tierra. aSanto Domingo :bIdegraf,c1995. a258 p. :bil. ;c21 cm. aBibliografía : p. 257-258 4aParapsicología 4aLo sobrenatural 4aEspirítismo 4aMeditación 4aTécnicas de autoayuda